Регионална библиотека "Любен Каравелов" - Русе

Трета национална конференция с международно участие по електронно обучение във висшето образование, Свищов, 15-17 май 2009 г. (Запис номер 51721)

MARC детайли
000 -Лидер
Контролно поле с фиксирана дължина 03082nam a2200457 c 4500
003 - Код на организацията, давaща контролен номер
Контролно поле BLK
005 - Дата и час на последна редакция
Контролно поле 20250730135928.0
008 - Елементи от данни с фиксирана дължина
fixed length control field 180408b bul|||||r ||||||| ||bul||
010 ## - Наследен системен номер
LC control number KNG00055635000
020 ## - Международен стандартен номер на книга ISBN
Международен стандартен номер на книга ISBN 978-954-23-0487-6
040 ## - Източник на каталожния запис
Идентификатор на билиотеката - собственик на записа BLK
041 ## - Код за език
Код за езика на текст/звукозапис или на отделно заглавие Български
Код за езика КДБФ Български
Други езици Английски
080 ## - УДК
Текстов определител УДК Висше образование. Висши учебни заведения
УДК код - определител по УДК 378
УДК определител .014.544:681.3(063)
УДК - код + определител 378.014.544:681.3(063)
080 ## - УДК
Текстов определител УДК Организация и структура на учебния процес - Записване. Такси. Планиране на следването. Семестри. Продължителност, методи и форми на преподаване и др.
УДК код - определител по УДК 378.14
УДК определител .04(063)
УДК - код + определител 378.14.04(063)
139 ## - Редно поле
Редна дума Национална конф. с междунар. участие по електронно обучение във висшето образование. Свищов
Авторски знак Нац - Н 33
245 10 - Сведения за заглавието
Заглавие Трета национална конференция с международно участие по електронно обучение във висшето образование, Свищов, 15-17 май 2009 г.
Подзаглавни данни Сб. докл. : Т.1 -
Редно поле (дума) под ред. на Андрей Боянов Захариев.
Том Т. 2
246 11 - Различни форми на заглавието
Паралелно заглавие The Third National Conference with International Participation on e-Learning in Higher Education, Svishtov, Bulgaria, 15-17 May 2009
257 ## - Страна на издаване
Страна на създаване/издаване България
260 ## - Област на издателските данни
Място на издаване, разпространение и проч. Свищов
Име на издателя, разпространителя и проч. Акад. изд. "Ценов"
Година на издаване 2010
9 (RLIN) 391004
300 ## - Физическа характеристика
Размери/Мащаб 23 см
380 ## - Жанр
Жанр Обществени науки
500 ## - Общи забележки
Забележка Парал. загл. на англ. ез. - Изд. Нац. център за дистанционно обучение, Стоп. акад. "Д. А. Ценов" - Свищов. - Офс. изд.
650 #4 - Допълнително описание по предмет – тема
Основно описание – тема или топоним Обучение - автоматизация
9 (RLIN) 278072
650 #4 - Допълнително описание по предмет – тема
Основно описание – тема или топоним Информационни и комуникационни технологии - приложение - в образование и просвета
9 (RLIN) 245692
650 #4 - Допълнително описание по предмет – тема
Основно описание – тема или топоним Обучение, дистанционно
9 (RLIN) 277189
653 ## - Ключова дума – ненормативна
Ключова дума обучение
653 ## - Ключова дума – ненормативна
Ключова дума информационни технологии
653 ## - Ключова дума – ненормативна
Ключова дума комуникационни технологии
653 ## - Ключова дума – ненормативна
Ключова дума дистанционно обучение
653 ## - Ключова дума – ненормативна
Ключова дума конференции
700 1# - Други автори (авторска отговорност)
Лично име Захариев, Андрей Боянов
Автороска отговорност (Описва отношението между автора и произведението) под ред. на
9 (RLIN) 365704
710 1# - Име на организация или юридическо лице като допълнителен термин за търсене
Наименование на организация или юридическо лице като редна дума Национална конф. с междунар. участие по електронно обучение във висшето образование. Свищов
9 (RLIN) 283994
760 1# - Описание на основната серия
Място на издаване, издател и година Акад. изд. Д. А. Ценов, 2010
Страници - том 447 с. : табл., диагр.
Забележка - том Текст и на англ. ез. - Библиогр. след отд. доклади и под линия ; Рез. на англ. ез.
Заглавие Т. 2
852 ## - Местоположение
Форматна сигнатура Цб 215257
856 4# - Електронен адрес и достъп
Електронен формат pdf - файл
856 4# - Електронен адрес и достъп
Електронен формат pdf - файл
942 ## - АРТИКУЛИ
Вид на библиотечния материал Книги
Скрит в OPAC Не
944 ## - СЪЗДАВАНЕ И РЕДАКЦИЯ на ЗАПИСА
Създаване/Редакция Създаване
Дата на регистрацията/редакция 31.08.2011
Статус, дата на статуса Вася Ганчева
Служител, извършил регистрацията/редакцията 30549
944 ## - СЪЗДАВАНЕ И РЕДАКЦИЯ на ЗАПИСА
Създаване/Редакция Редакция
Дата на регистрацията/редакция 31.01.2013
Статус, дата на статуса ф /
999 ## - СИСТЕМНИ КОНТРОЛНИ НОМЕРА
Koha biblionumber 51721
Koha biblioitemnumber 51721
999 ## - СИСТЕМНИ КОНТРОЛНИ НОМЕРА
Koha biblioitemnumber 51721
Наличности
Код за отписване Код за изгубен артикул Код за повреда Коз за рестрикции Код за отдаване Артикулен № Име на библиотеката - собственик Име на библиотеката, в която се намира в момента Статус (Текущо местоположение) Дата на вписване в системата Местоположение - отдел Цена в лева Инвентарен номер Систематично азбучна сигнатура Баркод Номер на екземпляра Цена в евро Служебна бележка Служебен тип на артикула
Изтеглен Не е изгубен Не е повреден без рестрикции заемане за дома 81474 Регионална библиотека "Любен Каравелов" Русе Регионална библиотека "Любен Каравелов" Русе Заемна - подръчен фонд 2011-08-31 Заемна - подръчен фонд 12.00 120000752670 П 378/Н 33 120000752670 1 6.14 Дост: KN Вид: А N: 13 Дата: 31.08.2011 Дата инв: 07.02.2018 Бележки инв: П2018 Книги
  Не е изгубен Не е повреден без рестрикции ползва се в читалня 81475 Регионална библиотека "Любен Каравелов" Русе Регионална библиотека "Любен Каравелов" Русе Хранилище 2012-07-23 Хранилище 12.00 120000759021 Цб 215257 120000759021 2 6.14 Дост: Dp Вид: Д N: 25 Дата: 22.06.2011 Книги
Vip Innovations Ltd, Rousse, Bulgaria 2025